000 00514 a2200181 4500
003 OSt
005 20180116182650.0
008 170824b xxu||||| |||| 00| 0 eng d
020 _a8173590958
040 _c0
082 _a353.00823 YOU 1996
100 _aTrevor L. Young.
245 _aPlaning Projects
_bManagers Pocket Guides
_cTrevor L. Young
260 _aNew Delhi
_bSterling Publishers PTV. LTD.
_c1996
300 _a150p.
_bpb.
440 _aPlaning Projects
942 _aNBS
_cBK
_k353.00823 YOU 1996
_2ddc
999 _c343656
_d343656